000 00998nam a2200277 i 4500
001 9000
003 ES-MaACL
005 20250815063215.0
007 t|
008 930128s1991 sp ||||1| spa d
017 _aMU 1680-1991
_bOficina Depósito Legal Murcia
020 _a84-7684-249-X
080 _a248 Úrsula, Santa (093)
100 1 _aFerreiro Alemparte, Jaime,
_d1918-2000
_eaut
_950396
245 1 3 _aLa leyenda de las once mil vírgenes :
_bsus reliquias, culto e iconografía /
_cJaime Ferreiro Alemparte
260 _aMurcia :
_bUniversidad,
_c1991
300 _a241 páginas :
_bilustraciones ;
_c24 cm
490 1 _aCuadernos (Universidad de Murcia) ;
_v16
_9236790
600 0 4 _aÚrsula,
_cSanta
_9134073
710 2 _aUniversidad de Murcia.
_eedt
_97228
830 0 _9236790
_aCuadernos (Universidad de Murcia) ;
_v16
852 _aES-MaACL
_bR.121132
_cDEPO2
_jL-16488
942 _2udc
_cMONOGRAFIA
_n0
999 _c9000
_d9000